Na letisku chytali sysle E. Hampl: "Je ich tu asi tisíc, všetko sa pochytať nedá"

Bibliographic Details
Format: Article
Language:Slovak
PhysicalDescription:Fotogr.
ISSN:1335-4566
Subjects:
Online Access:www.korzar.sk

MARC

LEADER 00000nab a2200000 a 4500
001 vtls008961759
003 SK-MaSNL
005 20260303070709.0
008 070404c20070404xo drz 0 0slo
038 |a KEVKJB 
040 |a KEVKJB  |b slo  |c KEVKJB  |e AACR2 
041 0 |a slo 
044 |a xo  |c SK 
080 |a 656.71  |2 2001 
080 |a 599.322  |2 2001 
245 0 0 |a Na letisku chytali sysle  |b E. Hampl: "Je ich tu asi tisíc, všetko sa pochytať nedá"  |c [autor] (krs) 
300 |b Fotogr. 
610 2 7 |a Letisko (Košice, Slovensko)  |2 kevkjb  |9 29622 
650 0 7 |a sysle  |x premnoženie  |2 kevkjb  |9 1068456 
650 0 7 |a odchyt  |2 kevkjb  |9 453300 
651 7 |a Košice (Slovensko)  |2 kevkjb  |9 18694 
773 0 |t Košický denník Korzár  |g Roč. X, č. 79 (4.4.2007), s. 3  |x 1335-4566 
852 |a KEVKJB  |b KIS3GCP 
856 4 1 |u www.korzar.sk 
999 |c 1756548  |d 1758478